Diseño General de un Túnel Aerodinámico
Presenta el diseño de un túnel de viento, sus principios de diseño cálculo de diseño mecánico, instrumentación, costo guías de laboratorio y recomendaciones.
| Main Authors: | , , |
|---|---|
| Other Authors: | |
| Format: | Tesis Section = Libro |
| Language: | Undetermined Spanish |
| Published: |
Managua
UNI
2004
|
| Subjects: |
| LEADER | 01045nam a2200277Ia 4500 | ||
|---|---|---|---|
| 008 | 240830s9999 xx 000 0 und d | ||
| 040 | |a BIBLIOTECA-RUPAP Mon 629.13452 B642 | ||
| 041 | |a spa | ||
| 082 | |a Mon 629.13452 B642 | ||
| 100 | 1 | |a Blandón, José Francisco | |
| 100 | 1 | |b Galán Carballo, Elio Antonio | |
| 100 | 1 | |c Galán Carballo, Oswaldo José | |
| 245 | 1 | 0 | |a Diseño General de un Túnel Aerodinámico |
| 260 | |a Managua |b UNI |c 2004 | ||
| 300 | |a 138 p. :il. | ||
| 500 | |a Contiene: anexos y glosarios. | ||
| 502 | |a Tesis (Ingeniero Mecánico)- UNI, 2004. | ||
| 520 | 3 | |a Presenta el diseño de un túnel de viento, sus principios de diseño cálculo de diseño mecánico, instrumentación, costo guías de laboratorio y recomendaciones. | |
| 650 | 7 | |a TUNELES DE CIENTO (AERODINAMICOS) - DISEÑO | |
| 650 | 7 | |b CALCULOS DE DISEÑO | |
| 650 | 7 | |c SIMULACION TEORIA | |
| 650 | 7 | |d RESISTENCIA MECANICA | |
| 700 | 1 | |a Tutor: |b García Flores, Mario de Jesús | |
| 942 | |c BK |2 ddc | ||
| 991 | |a TESIS | ||
| 999 | |c 16603 | ||